000 nam a22 7a 4500
999 _c9168
_d9168
008 180123b ||||| |||| 00| 0 eng d
100 _aRangarajan R
_95438
245 _aTogether with science X
260 _aNew Delhi
_bRachna Publication
_c2008